000 00318nam a22001457a 4500
008 230508b ||||| |||| 00| 0 eng d
020 _a9780073379258
041 _aeng
080 _2TENTH EDITION
_a7
082 _a7GET
100 _a19
101 _aART
245 _aLIVING WITH ART
_cGETLEIN.M
942 _2udc
_cBK
999 _c59665
_d59665